Plagát

Podrobná bibliografia
Hlavný autor: Vrana, Anton (Autor)
Médium: Článok
Jazyk:slovenčina
Fyzický popis:Obr. 13.
Predmet:

MARC

LEADER 00000nab a2200000 a 4500
001 vtls000195331
003 SK-MaSNL
005 20260304061512.0
008 250422c1984 xo 0 slo
015 |a SNBRB19rr/mm-uuuuu 
035 |a CL0205444 
035 |a urn:nbn:sk:snk-ab57k 
035 |a (urnnbn)urn:nbn:sk:snk:ar-0053dd 
035 |a (uuid)a67b4dd1-4018-4ed6-9d6c-72d3494c8621 
040 |a SNKBUCL  |b slo  |c SNKBUCL  |e AACR2 
041 0 |a slo 
044 |a xo  |c SK 
080 |a 32(084.5)  |2 1981 
080 |a 766  |2 1981 
080 |a 659.133.1  |2 1981 
080 |a 943.76  |2 1981 
080 |a 323.26  |2 1981 
100 1 |a Vrana, Anton  |4 aut  |9 279076 
245 1 0 |a Plagát  |c Anton Vrana 
300 |b Obr. 13. 
650 0 7 |a politické plagáty  |2 snkbucl  |9 89996 
655 7 |a články z novín a časopisov  |2 snkbucl  |9 267496 
773 0 |t Výtvarný život  |g Roč. 29, č. 8-9 (1984), s. 40-47 
850 |a Slovenská národná knižnica 
852 |a Slovenská národná knižnica 
954 |a odborná, vedecká literatúra pôvodná (slovenská)  |2 lita 
958 |a article27 
958 |a CP 
958 |a RK 
958 |a OND 
958 |a EUIPO 
992 |a RBX 
999 |c 2733366  |d 2735296